| 000 | 00575nam a2200229 a 4500 | ||
|---|---|---|---|
| 003 | AR-BaBNM | ||
| 005 | 20251128205330.0 | ||
| 008 | 082120s2002 ||||||||||||||000 | spa|| | ||
| 020 | _a0-19-436045-8 | ||
| 040 | _cAR-BaBNM | ||
| 100 | 1 | _aLawday, Cathy | |
| 245 | 0 | 0 |
_aYou and me _bteacher's book 2 |
| 260 |
_aOxford _bOxford University Press _c1995 |
||
| 300 |
_a96 p. _bil. |
||
| 650 | 4 | _aENSEĆANZA DE IDIOMAS | |
| 650 | 4 | _aINGLES | |
| 650 | 4 | _aGUIA DEL DOCENTE | |
| 650 | 4 | _aLIBROS DE TEXTO | |
| 653 | _aEDUCACION GENERAL BASICA | ||
| 942 | _cBK | ||
| 998 | _cmau | ||
| 999 |
_c10964 _d10964 |
||